| 000 | 00456nam a2200121Ia 4500 | ||
|---|---|---|---|
| 008 | 200226s9999 xx 000 0 und d | ||
| 020 | _a978-971-94195-5-6 | ||
| 100 | _aRoldan, Amelia S. | ||
| 245 |
_cAmelia Roldan.-- _aCost and materials management in the food service industry / |
||
| 260 |
_aPhilippines : _bAR Skills Development and Management Services, Inc. _c2016 |
||
| 300 |
_a197 pages : _billustrations ; _c26 cm. |
||
| 650 | _aFood service management. | ||
| 999 |
_c363001 _d363001 |
||